[Event "FRA-chT3 Gr12 0304"]
[Site "Loire"]
[Date "2004.03.14"]
[Round "7.3"]
[White "Valla, Nicolas"]
[Black "Fantin, Ludwig"]
[Result "0-1"]
[WhiteElo "1980"]
[BlackElo "2187"]
[PlyCount "114"]
[EventDate "2003.10.12"]
[EventType "team"]
[EventRounds "9"]
[EventCountry "FRA"]
[SourceTitle "EXT 2008"]
[Source "ChessBase"]
[SourceDate "2007.11.25"]
[SourceVersion "1"]
[SourceVersionDate "2007.11.25"]
[SourceQuality "1"]

1. e4 c5 2. c3 Qa5 3. Nf3 Nc6 4. Bc4 d6 5. 0-0 Nf6 6. d3 e6 7. Na3 a6 8. Qe2 Qc7 9. Bb3 b5 10. Bg5 Be7 11. d4 c4 12. Bc2 e5 13. d5 Nd8 14. h3 h6 15. Be3 0-0 16. Nh2 Nd7 17. Ng4 Bg5 18. Kh2 Nf6 19. Nxf6+ Bxf6 20. f3 Nb7 21. g3 Re8 22. f4 exf4 23. gxf4 Nc5 24. Qf3 Bb7 25. Bd4 Nd7 26. Rg1 Bxd4 27. cxd4 f6 28. Qh5 Nf8 29. Qxh6 Bxd5 30. exd5 Re2+ 31. Kh1 b4 32. Bd1 Re1 33. Qh5 Rxg1+ 34. Kxg1 bxa3 35. bxa3 Qb6 36. Rc1 Qxd4+ 37. Kh1 Rb8 38. Qe2 Rb2 39. Rc2 Qxd5+ 40. Kh2 Rxc2 41. Bxc2 Qd4 42. Kg3 d5 43. a4 Qc3+ 44. Kh4 Qd4 45. Kg3 a5 46. Bf5 Qb6 47. Qd2 Qg1+ 48. Kf3 d4 49. Qxa5 Qe3+ 50. Kg4 g6 51. Qd5+ Kg7 52. Bc8 f5+ 53. Bxf5 gxf5+ 54. Kxf5 Qxh3+ 55. Ke4 Qg2+ 56. Kxd4 Qxd5+ 57. Kxd5 c3 0-1

[Event "FRA-chT3 Gr12 0304"]
[Site "Loire"]
[Date "2003.11.16"]
[Round "3.3"]
[White "Timotic, Nicolas"]
[Black "Valla, Nicolas"]
[Result "1/2-1/2"]
[WhiteElo "2107"]
[BlackElo "1950"]
[PlyCount "22"]
[EventDate "2003.10.12"]
[EventType "team"]
[EventRounds "9"]
[EventCountry "FRA"]
[SourceTitle "EXT 2008"]
[Source "ChessBase"]
[SourceDate "2007.11.25"]
[SourceVersion "1"]
[SourceVersionDate "2007.11.25"]
[SourceQuality "1"]

1. e4 c6 2. d4 d5 3. e5 Bf5 4. Nc3 e6 5. g4 Bg6 6. h4 h5 7. g5 Bb4 8. Nge2 Ne7 9. Nf4 Nd7 10. Be2 Be4 11. 0-0 Bg6 1/2-1/2

[Event "Aurec Cup"]
[Site "Aurec"]
[Date "2002.06.16"]
[Round "4"]
[White "Valla, Nicolas"]
[Black "Perrin, Marc"]
[Result "1/2-1/2"]
[WhiteElo "1990"]
[BlackElo "2096"]
[PlyCount "84"]
[EventDate "2002.06.??"]
[EventType "team"]
[EventRounds "5"]
[EventCountry "FRA"]
[SourceTitle "EXT 2004"]
[Source "ChessBase"]
[SourceDate "2003.11.25"]
[SourceVersion "1"]
[SourceVersionDate "2003.11.25"]
[SourceQuality "1"]

1. e4 d5 2. exd5 Nf6 3. d4 Bg4 4. Be2 Bxe2 5. Nxe2 Qxd5 6. 0-0 Nc6 7. c4 Qxc4 8. b3 Qd5 9. Nbc3 Qh5 10. Be3 e6 11. Qd3 Bd6 12. h3 0-0 13. a3 Rad8 14. Nb5 Nd5 15. Nxd6 Rxd6 16. Ng3 Qg6 17. Qxg6 hxg6 18. Ne4 Rdd8 19. Rfc1 Na5 20. Rab1 b6 21. b4 Nb7 22. Nc3 Nxc3 23. Rxc3 Rd7 24. Rbc1 Rc8 25. Bf4 Rxd4 26. Rxc7 Rxc7 27. Rxc7 a5 28. Rxb7 Rxf4 29. Rb8+ Kh7 30. Rxb6 axb4 31. Rxb4 Rf5 32. a4 Ra5 33. Kf1 g5 34. Ke2 Kg6 35. Kd3 e5 36. g4 f6 37. Kc3 Kf7 38. Rc4 Ra7 39. Kb4 Ke6 40. Rc5 Kd6 41. a5 Rb7+ 42. Kc4 Rb2 1/2-1/2

[Event "Aurec Cup"]
[Site "Aurec"]
[Date "2002.06.15"]
[Round "1"]
[White "Baas, Laurent"]
[Black "Valla, Nicolas"]
[Result "1/2-1/2"]
[WhiteElo "1930"]
[BlackElo "1990"]
[PlyCount "88"]
[EventDate "2002.06.??"]
[EventType "team"]
[EventRounds "5"]
[EventCountry "FRA"]
[SourceTitle "EXT 2004"]
[Source "ChessBase"]
[SourceDate "2003.11.25"]
[SourceVersion "1"]
[SourceVersionDate "2003.11.25"]
[SourceQuality "1"]

1. e4 c6 2. d4 d5 3. Nd2 dxe4 4. Nxe4 Nd7 5. Bd3 Ngf6 6. Ng5 e6 7. N1f3 Bd6 8. Qe2 h6 9. Ne4 Nxe4 10. Qxe4 Nf6 11. Qh4 Ke7 12. Bf4 Bxf4 13. Qxf4 g5 14. Qe5 Qd5 15. Qxd5 cxd5 16. Ne5 Bd7 17. Ke2 Rac8 18. a4 Rc7 19. f3 Rhc8 20. c3 a6 21. a5 Bb5 22. h4 Nh5 23. Kd2 Bxd3 24. Nxd3 Ng3 25. Rh3 Nf5 26. hxg5 hxg5 27. Nc5 Kd6 28. b4 Nh4 29. Rg3 f6 30. Re1 Re8 31. Rg4 Ng6 32. Rh1 Rh8 33. Rxh8 Nxh8 34. f4 Nf7 35. fxg5 Nxg5 36. Rh4 Kc6 37. Rh6 Rf7 38. Ke3 Kb5 39. Kd3 Kc6 40. Rh8 Re7 41. Rc8+ Rc7 42. Rxc7+ Kxc7 43. c4 dxc4+ 44. Kxc4 e5 1/2-1/2

[Event "Aurec Cup"]
[Site "Aurec"]
[Date "2002.06.15"]
[Round "2"]
[White "Valla, Nicolas"]
[Black "Campo, Alain"]
[Result "1-0"]
[WhiteElo "1990"]
[BlackElo "1820"]
[PlyCount "107"]
[EventDate "2002.06.??"]
[EventType "team"]
[EventRounds "5"]
[EventCountry "FRA"]
[SourceTitle "EXT 2004"]
[Source "ChessBase"]
[SourceDate "2003.11.25"]
[SourceVersion "1"]
[SourceVersionDate "2003.11.25"]
[SourceQuality "1"]

1. e4 c5 2. c3 d5 3. exd5 Qxd5 4. d4 Nf6 5. Nf3 Bg4 6. Be2 e6 7. 0-0 Nc6 8. Be3 cxd4 9. Nxd4 Bxe2 10. Qxe2 Nxd4 11. Bxd4 Be7 12. Nd2 0-0 13. Nf3 Rfd8 14. Ne5 Bc5 15. Rfd1 Bxd4 16. Rxd4 Qa5 17. Rxd8+ Rxd8 18. a3 Qd5 19. Nf3 h6 20. Kf1 Kf8 21. Ke1 Ke7 22. c4 Qd3 23. Qxd3 Rxd3 24. Ke2 Rd6 25. Rc1 Nd7 26. b4 b6 27. Ke3 f6 28. Nd4 Nb8 29. Nb5 Rd7 30. c5 bxc5 31. Rxc5 a6 32. Nd4 Rd5 33. Nc6+ Nxc6 34. Rxc6 Rd6 35. Rxd6 Kxd6 36. Kd4 g6 37. a4 Kc6 38. f4 h5 39. h4 Kb6 40. Kc4 Kc6 41. b5+ axb5+ 42. axb5+ Kb6 43. Kb4 e5 44. fxe5 fxe5 45. Kc4 e4 46. Kd4 Kxb5 47. Kxe4 Kc6 48. Kf4 Kd6 49. Kg5 Ke6 50. Kxg6 Ke5 51. Kxh5 Kf5 52. g4+ Kf6 53. Kh6 Kf7 54. Kh7 1-0